006870000a220012100045001000022000002450027000223000047000495200309000967730045004059420008004509520090004589990017005481 aBustelo, Gabriela10aDos novelas ejemplares aVol.0, núm.22 (Julio, 2007), Página 27 aPasaron por Colombia el ganador y el finalista del primer Premio Iberoamericano Planeta-Casamérica de Narrativa, dotado con 250.000 dólares. Sobre el focio de escribir y sus respectivas novelas hablaron el argentino Pablo de Santis y el peruano Alonso Cueto en el lanzamiento de sus obras en Madrid.0 tArcadia / Andrés Felipe Solano, Editor cANA 001040708HEMaFUSBCbFUSBCd2016-01-26l0o r2016-01-26 00:00:00w2016-01-26yANA c62277d62277